| 000 | 00000nam##2200000za#4500 |
| 001 | 9.580915 |
| 003 | CaOODSP |
| 005 | 20210624191253 |
| 007 | cr ||||||||||| |
| 008 | 150406|2014||||xxc|||||o f|0| 0 eng|d |
| 020 | |a978-1-100-25178-3 |
| 040 | |aCaOODSP|beng |
| 043 | |an-cn--- |
| 086 | 1 |aIu172-1/2014-5E-PDF |
| 110 | 1 |aCanada. |bIndustry Canada. |
| 245 | 10|aIndustry mix, plant turnover and productivity growth : |h[electronic resource]|ba case study of the electronic and electrical product manufacturing industry / |c[by] Kelvin Ka Yin Chan, Wulong Gu, Jianmin Tang. |
| 260 | |aOttawa - Ontario : |bIndustry Canada |cc2014. |
| 300 | |a36p.|bgraphs, references, tables |
| 490 | 1 |aEconomic Research and Policy Analysis Branch working paper series|v2014-05 |
| 590 | |a15-11|b2015-03-13 |
| 775 | 08|tComposition de l'industrie, renouvellement des établissements et croissance de la productivité : |w(CaOODSP)9.607833 |
| 830 | #0|aEconomic Research and Policy Analysis Branch working paper series ;|v2014-05|w(CaOODSP)9.507626 |
| 856 | 40|ahttp://publications.gc.ca|qPDF|s771 KB|uhttps://publications.gc.ca/collections/collection_2015/ic/Iu172-1-2014-5-eng.pdf|y2014-05 |